000 00587nam a2200181 4500
999 _c191239
_d191239
005 20220823152110.0
010 _aENG-134565
020 _c950.00
_a9789389211900
035 _aEN-118097
037 _bDBAD/PUB
082 _a004
100 _aThareja, Reema
245 _a Universities Press computer science with python for CBSE Class XI/
_cReema Thareja
260 _aHyderabad
_bUniversities Press (India) Pvt. Ltd.
_c2022
270 _a3-6-747/A & 3-6-754/1, Himayatnagar
_bHyderabad
_e500029
300 _axviii,372p.
_c25cm(pbk)
942 _2ddc
_cEN
_h004
_mTHA